| 000 | 00747cam a2200241 a 4500 | ||
|---|---|---|---|
| 001 | 000014946 | ||
| 005 | 20200929163929.0 | ||
| 008 | 940301s1986 es 001 p spa d | ||
| 035 | _a(OCoLC)17899513 | ||
| 040 |
_aDO-SdBNP _cPPiU _dDLC |
||
| 042 | _alccopycat | ||
| 082 |
_aES861.44 _bC387p |
||
| 100 | 1 |
_aCea, José Roberto, _d1939- _933832 |
|
| 245 | 1 | 0 |
_aPocas y buenas : _bantología / _cJosé Roberto Cea. |
| 260 |
_aSan Salvador, El Salvador : _bCanoa Editores, _c1986. |
||
| 300 |
_a234 p. ; _c17 cm. |
||
| 500 | _aTítulo de la cubierta: Pocas i buenas. | ||
| 650 | 4 |
_aPoesía salvadoreña _912306 |
|
| 650 | 4 |
_aLiteratura salvadoreña _92929 |
|
| 740 | 0 | _aPocas i buenas. | |
| 910 | _aCatalogación por copia / LC | ||
| 049 | _aBNGR | ||
| 999 |
_c14526 _d14526 |
||